01903naa a22003497a 4500001001000000003000900010005001700019007000300036008003400039040005400073041000900127072002600136090001800162100002500180100001800205100002000223111014200243245021200385246023100597246010200828260003600930500016200966650000901128650001201137650001401149650001301163773015901176909003601335942001401371999001901385952014901404BR8500429BR-BrBNA20240918175510.0ta230509b bl.||||| |||| 00| 0 por d aBR-BrBNAbporcBiblioteca Nacional de Agricultura a(Pt) aK10b3530b3240bG514 aK10 BR85004291 aCampinhos Junior, E.1 aIkemori, Y.K.1 aMartins, F.C.G.1 aSimposio Internacional: Metodos de Producao e Controle de Qualidade de Sementes e Mudas FlorestaiscCuritiba, PR (Brazil)d19-23 Mar 19841 aDeterminacao do meio de crescimento mais adequado a formacao de mudas de Eucalyptus spp. (estaca e semente)e Pinus spp. (semente)em recipientes plasticos rigidos [eucalipto, pinheiro, Espirito Santo, Brasil]1 aDetermination of the most adequate growth medium to the production of seedlings of Eucalyptus (from cutings and seeds)and Pinus (from seeds)in rigid plastic containers [plant production, eucalipt, pine, Espirito Santo, Brazil]1 aInternational symposium: methods for production and quality control of forest seeds and seedlings3 aCuritiba, PR (Brasil): c1984.  aSimposio internacional: metodos de producao e controle de qualidade de sementes e mudas florestais Curitiba, PR (Brasil): 1984. p. 350-365 (BR8500429-AM)K10  aMUDA aSEMENTE aEUCALIPTO aPINHEIRO0 tSimposio internacional: metodos de producao e controle de qualidade de sementes e mudas florestaiswK10 BR8500429gCuritiba, PR (Brasil), 1984. p. 350-365 a202404bLuciac55dLucia Elande cAM2AGRIS c317011d317011 002AGRIS40708Acervo Gerala41918b41918cAgrobasel0o3575 BR8500403r2024-05-20t01yAM10d2024-04-11ePortaria Interministerial nÂș 164/94